000 00268nam a22001217a 4500
008 170505b xxu||||| |||| 00| 0 eng d
041 _aeng
080 _25 ED
_a34
100 _a14
101 _aSHJ
245 _aWETS BUSINESS LAW
_cCLARKSON.K.W
942 _2udc
_cBK
999 _c12830
_d12830